Statystyki dla FARSZE DO PIEROGÓW

Kliknij tutaj aby rozwiązać quiz!

Ogólne statystyki

  • Ten quiz został rozwiązany 108 razy
  • Średni wynik to 4 z 7

Statystyki odpowiedzi

Odpowiedź% Poprawnych
MIĘSO
87%
SER
77%
OWOCE
58%
ZIEMNIAKI
55%
RUSKIE
49%
KAPUSTA Z GRZYBAMI
28%
KASZA
23%

Rozkład punktacji

Percentyl według liczby udzielonych odpowiedzi

Procent ludzi z każdym wynikiem

Twoja historia wyników

Nie rozwiązałeś tego quizu